000 00660nam a2200193Ia 4500
003 GCL
005 20240530095230.0
008 140319s9999 xx 000 0 ara d
040 _aGCL /
_cGCL
082 0 4 _a809.93352042
_bق/س م
100 1 _aسوسن ناجى
245 1 0 _aالمرأة المصرية والثورة :
_bدراسات تطبيقية فى ادب المراة /
_cسوسن ناجى
260 _aالقاهرة :
_bالمجلس الاعلى للثقافة ،
_c2002
300 _a308 ص ؛
_c24 سم
650 0 4 _aالمرأة فى مصر
650 0 4 _aحقوق المرأة
650 0 4 _aالمرأة فى الادب
942 _2ddc
_cBK
999 _c5228
_d5228